000
00352nam a2200133Ia 4500
008
231129s9999||||xx |||||||||||||| ||spa||
020
_a
958-16-0127-9
040
_b
spa
082
_a
I823 S813a
100
_a
Steeman S.A.
245
0
_a
El asesino vive en el 21
264
_a
La Montana Magica
942
_2
ddc
_c
BKS
999
_c
10313
_d
10313